| 000 | 00415nam a2200133Ia 4500 | ||
|---|---|---|---|
| 008 | 151021s9999 xx 000 0 und d | ||
| 020 | _a9.78085151e+012 | ||
| 050 | _aBV 4500.B7 2008 | ||
| 245 | _a_Precious Remedies Against Satan's Devices/ Thomas Brooks | ||
| 260 | _aLondon : banner of Trust, 2008 | ||
| 300 | _a252 p. | ||
| 650 | _a_Remedies against satan's devices | ||
| 980 | _a^d20141022 02:17:50^omwanik | ||
| 999 |
_c15019 _d15019 |
||